LEADER 00951nam a2200241 i 4500 001 000000132753 003 CaOOAMICUS 005 20041216000000.0 008 041216s2000 it u000 u ita u 013 $a105762 040 $aSeMil$bita 100 1 $aFinatti, Luca.$0(OLS)http://semarc/name/54618 245 10$aStupore e mistero nel cinema di Ermanno Olmi /$cLuca Finatti. 260 $a[S.l.] :$bA.N.C.C.I.,$c2000. 300 $a206 p. ;$c21 cm. 490 0 $aStudi e ricerche ;$v16 600 14$aOlmi, Ermanno <1931-2018>.$0(OLS)http://semarc/subject/19763 830 0$aStudi e ricerche ;$v16.$0(OLS)http://semarc/title/6597 850 $aSeMil 852 $aSeMil$W1$xVenegono$y1$m1023 1 16 *$j86655$B86655$CSeMilBibl$Z2$F90435 $81 961 $aLascito: Cornati don Dario 996 $6245$aStupore e mistero nel cinema di Ermanno Olmi$9(OLS)http://semarc/title/194927 996 $6260$a[S.l.] :$bA.N.C.C.I.$9(OLS)http://semarc/publisher/33500 LEADER 00692nam a2200169 i 4500 001 000000213672 003 CaOOAMICUS 005 20120601000000.0 008 120601s1959 it u000 u mul u 013 $a192527 040 $aSeMil$bita 245 10$a5: [Dal 27 giugno 1803 al 27 gennaio 1804]. 300 $a462 p. 773 0 $aMelzi d'Eril, Francesco <1753-1816>$tVice-presidenza della Repubblica italiana..$dMilano : Museo del Risorgimento e raccolte storiche del Comune di Milano, 1958.$w()26865 850 $aSeMil 852 $aSeMil$W1$xVenegono$y1$m3S V 164$j164100$B164100$CSeMilBibl$Z2$F175134 $81 996 $6245$a5: [Dal 27 giugno 1803 al 27 gennaio 1804]$9(OLS)http://semarc/title/308001